ARRUPE JESUIT UNIVERSITY

CORONAVIRUS -STOP THE SPREAD - CLEAN,DISINFECT,COVER

Ezra & Nehemiah / (Record no. 119812)

MARC details
000 -LEADER
fixed length control field 02518pam a22003614a 4500
001 - CONTROL NUMBER
control field 6339631
003 - CONTROL NUMBER IDENTIFIER
control field ARRUPE
005 - DATE AND TIME OF LATEST TRANSACTION
control field 20140130174433.0
008 - FIXED-LENGTH DATA ELEMENTS--GENERAL INFORMATION
fixed length control field 070709s2007 miu b 001 0 eng
010 ## - LIBRARY OF CONGRESS CONTROL NUMBER
LC control number 2007028245
020 ## - INTERNATIONAL STANDARD BOOK NUMBER
International Standard Book Number 0334041619
020 ## - INTERNATIONAL STANDARD BOOK NUMBER
International Standard Book Number 9780334041610
035 ## - SYSTEM CONTROL NUMBER
System control number (OCoLC)154685853
035 ## - SYSTEM CONTROL NUMBER
System control number (OCoLC)ocn154685853
035 ## - SYSTEM CONTROL NUMBER
System control number (DLC) 2007028245
035 ## - SYSTEM CONTROL NUMBER
System control number (NNC)6339631
040 ## - CATALOGING SOURCE
Original cataloging agency DLC
Transcribing agency DLC
Modifying agency YDX
-- BTCTA
-- BAKER
-- YDXCP
-- OrLoB-B
050 00 - LIBRARY OF CONGRESS CALL NUMBER
Classification number BS1550
Item number .L661 2008
300 ## - PHYSICAL DESCRIPTION
Dimensions 24 cm.
100 1# - MAIN ENTRY--PERSONAL NAME
Personal name Levering, Matthew,
Dates associated with a name 1971-
9 (RLIN) 7467
245 10 - TITLE STATEMENT
Title Ezra & Nehemiah /
Statement of responsibility, etc Matthew Levering.
246 3# - VARYING FORM OF TITLE
Title proper/short title Ezra and Nehemiah
260 ## - PUBLICATION, DISTRIBUTION, ETC. (IMPRINT)
Place of publication, distribution, etc London
Name of publisher, distributor, etc SCM Press,
Date of publication, distribution, etc 2008
300 ## - PHYSICAL DESCRIPTION
Extent 236 p. ;
490 1# - SERIES STATEMENT
Series statement SCM theological commentary on the Bible
504 ## - BIBLIOGRAPHY, ETC. NOTE
Bibliography, etc Includes bibliographical references (p. 215-216) and indexes.
505 00 - FORMATTED CONTENTS NOTE
Title The Book of Ezra --
-- Introduction to the Book of Ezra --
Miscellaneous information Pt. I.
Title The Restoration of the Holy Land, United by the Temple --
-- Ezra 1: Return to the Land --
-- Ezra 2: Return of the Holy People to the Land --
-- Ezra 3: Laying the Foundations of the Temple: Joy and Weeping --
-- Ezra 4: Obstacles to Rebuilding the Temple --
-- Ezra 5: The Prophets of God and the Completion of the Temple --
-- Ezra 6: The Temple and the Passover --
Miscellaneous information Pt. II.
Title The Holy People, United by the Torah --
-- Ezra 7: The Mission of Ezra the Scribe --
-- Ezra 8: The Holy People --
-- Ezra 9: The Purification of the People --
-- Ezra 10: The Purification of the People Completed --
-- Conclusion to the Book of Ezra --
-- The Book of Nehemiah --
-- Introduction to the Book of Nehemiah --
Miscellaneous information Pt. I.
Title The Holy Land --
-- Nehemiah 1: Concerning Jerusalem --
-- Nehemiah 2: Rebuilding - First Steps --
-- Nehemiah 3: Rebuilding Continued --
-- Nehemiah 4: Opposition --
-- Nehemiah 5: The Fruits of the Land --
-- Nehemiah 6: Triumph and Danger --
Miscellaneous information Pt. II.
Title The Holy People --
-- Nehemiah 7: Consolidating the Holy People --
-- Nehemiah 8: The Torah, Pattern of Holiness --
-- Nehemiah 9: Holiness and Repentance --
-- Nehemiah 10: Renewal of the Covenant --
-- Nehemiah 11: Repopulating Jerusalem --
-- Nehemiah 12: The Holy People --
-- Nehemiah 13: Final Efforts at the Renewal of the Holy People --
-- Conclusion to the Book of Nehemiah.
630 00 - SUBJECT ADDED ENTRY--UNIFORM TITLE
Uniform title Bible OT.
Name of part/section of a work Ezra
Form subdivision Commentaries.
9 (RLIN) 7468
630 00 - SUBJECT ADDED ENTRY--UNIFORM TITLE
Uniform title Bible OT.
Name of part/section of a work Nehemiah
Form subdivision Commentaries.
9 (RLIN) 7469
830 #0 - SERIES ADDED ENTRY--UNIFORM TITLE
Uniform title Brazos theological commentary on the Bible.
9 (RLIN) 7470
900 ## - EQUIVALENCE OR CROSS-REFERENCE-PERSONAL NAME [LOCAL, CANADA]
Numeration TOC
942 ## - ADDED ENTRY ELEMENTS (KOHA)
Source of classification or shelving scheme Library of Congress Classification
Koha item type Monograph ( Printed materials)
948 1# - LOCAL PROCESSING INFORMATION (OCLC); SERIES PART DESIGNATOR (RLIN)
Series part designator, SPT (RLIN) 20071211
b (OCLC) c
c (OCLC) oc2016
d (OCLC) MPS
Holdings
Withdrawn status Lost status Source of classification or shelving scheme Damaged status Not for loan Home library Current library Shelving location Date acquired Total Checkouts Full call number Barcode Date last seen Price effective from Koha item type
    Library of Congress Classification     ARRUPE LIBRARY ARRUPE LIBRARY Main Collection 30/01/2014   BS1550 .L661 2008 46412162 07/12/2016 30/01/2014 Monograph ( Printed materials)

 

Arrupe Library. PO Box MP320 Mt Pleasant, Harare, Zimbabwe
263 242 745411|librarian@aju.ac.zw